A escolarizacao das classes abastadas /
En el artículo se reflexiona sobre algunos significados sociológicos y políticos de la concentración de la renta en América Latina, sobre todo en esta última etapa que, según el autor, la globalización y la transformación neoliberal de los países latinoamericanos y del capitalismo mundial ha produci...
Na minha lista:
| Autor principal: | |
|---|---|
| Outros Autores: | |
| Formato: | Texto |
| Assuntos: | |
| Tags: |
Adicionar Tag
Sem tags, seja o primeiro a adicionar uma tag!
|
MARC
| LEADER | 00000 a a2200000 04500 | ||
|---|---|---|---|
| 001 | 18350 | ||
| 003 | |||
| 040 | |||
| 100 | |a Cattani, Antonio David | ||
| 245 | |a A escolarizacao das classes abastadas / |c Antonio David Cattani ; David Dos Santos Kieling | ||
| 520 | |a En el artículo se reflexiona sobre algunos significados sociológicos y políticos de la concentración de la renta en América Latina, sobre todo en esta última etapa que, según el autor, la globalización y la transformación neoliberal de los países latinoamericanos y del capitalismo mundial ha producido entre otros aspectos, no sólo más pobreza y exclusión, sino una concentración de la riqueza mucho mayor que en otros tiempos. Este proceso ha agudizado la desigualdad entre regiones, países, clases sociales y grupos considerados "minoritarios" | ||
| 650 | |a POBREZA | ||
| 650 | |a DESIGUALDAD SOCIAL | ||
| 650 | |a NEOLIBERALISMO | ||
| 650 | |a AMERICA LATINA | ||
| 650 | |a DISTRIBUCION DEL INGRESO | ||
| 650 | |a RIQUEZA | ||
| 700 | |a Santos Kieling, David Dos | ||
| 773 | |g volumen 9, número 18; páginas 170-186 | ||
| 999 | |c 37695 |d 37695 | ||
